000 002060000a22000970004500
100 1 _aStock, Kent
245 1 0 _aHomes like my own
300 _aNúm 51 (1996), Páginas 15
773 0 _tTogether
942 _cANA
999 _c57184
_d57184